000 00907nam a22002657a 4500
001 BR8702930
003 BR-BrBNA
005 20230928092544.0
007 ta
008 230509b bl.||||| |||| 00| 0 por d
040 _aBR-BrBNA
_bpor
_cBiblioteca Nacional de Agricultura
041 _a(Por)
072 _aL73
_b6100
_b4140
090 _ 6100 BR8702930
100 1 _aMelo, M.N.
110 1 _aUniversidade Federal de Minas Gerais, Belo Horizonte (Brasil). Inst. de Ciencias Biologicas. Depto. de Zoologia e Parasitologia
_0Tese (Mestrado)
_910859
245 1 _aComportamento de cepas de Trypanosoma cruzi em ovos embrionados de galinha
260 3 _aBelo Horizonte, MG (Brasil):
_c1973.
300 _a90 p.
500 _a(*) Documento disponível no(a) UFMG, Belo Horizonte, MG (Brazil)
650 _aGALINHA
650 _aDOENCA DE CHAGAS
909 _a202309
_bLucia
_c55
_dLucia Elande
942 _cBK
999 _c39781
_d39781